Statistics for Countries with Borders on Islands

Click here to take the quiz!

General Stats

  • This quiz has been taken 28 times
  • The average score is 14 of 20

Answer Stats

Island(s)Country% Correct
HispaniolaHaiti
96%
Borneo, New Guinea, Sebatik Island, TimorIndonesia
96%
IrelandUnited Kingdom
96%
HispaniolaDominican Republic
93%
IrelandIreland
93%
Borneo, Sebatik IslandMalaysia
93%
BorneoBrunei
89%
Dall IslandCanada
82%
TimorEast Timor
82%
New GuineaPapua New Guinea
82%
Jähi, Koiluoto, Maly PogranichnyRussia
82%
Dall IslandUnited States
82%
KatajaSweden
68%
Jähi, Kataja, Koiluoto, VanhasaariFinland
64%
Isla Grande de
Tierra del Fuego
Argentina
54%
UsedomGermany
50%
Isla Grande de
Tierra del Fuego
Chile
46%
UsedomPoland
39%
K IslandRomania
29%
K IslandUkraine
25%

Score Distribution

Percentile by Number Answered

Percent of People with Each Score

Your Score History

You have not taken this quiz